| 000 | 00493nam a2200181Ia 4500 | ||
|---|---|---|---|
| 003 | OSt | ||
| 005 | 20200804105226.0 | ||
| 008 | 190216s9999||||xx |||||||||||||| ||und|| | ||
| 020 | _a8185015554 | ||
| 040 | _coclc | ||
| 082 |
_a512.5 _bHAR/G |
||
| 100 |
_aHarary, Frank _93933 |
||
| 245 | 0 |
_aGraph Theory / _cFrank Harary |
|
| 260 |
_bNarosa Publishing, _c1995. _aNew Delhi: |
||
| 300 | _a286p | ||
| 650 | _aMathematics | ||
| 942 |
_cBK _2ddc _h512.5 _iHAR/G _k512.5 _mHAR/G |
||
| 999 |
_c31099 _d31099 |
||